| 000 | 02354nam a22006497a 4500 | ||
|---|---|---|---|
| 001 | 1214632 | ||
| 003 | LIBRIS | ||
| 005 | 20210426121741.0 | ||
| 008 | 011211s1996 xxu 000 0 eng c | ||
| 020 | _a0394559185 | ||
| 040 |
_aeng _beng _cDLC |
||
| 041 | _aeng | ||
| 080 |
_a7 _bR-53 |
||
| 082 | 0 | 4 |
_a709.2 _222 (machine generated) |
| 084 |
_aIbz Picasso, Pablo _2kssb/6 |
||
| 084 |
_aIbz Picasso, Pablo _2kssb/6 |
||
| 084 |
_aI _2kssb |
||
| 084 |
_aIbz Picasso, Pablo _2kssb/6 |
||
| 084 |
_aIbz Picasso, Pablo _2kssb/6 |
||
| 100 | 1 |
_aRichardson, John, _d1924- _0322141 |
|
| 245 | 0 | 2 |
_aA life of Picasso. _nVol. 2, _p1907-1917 _b/ by: Random House |
| 250 | _a1st edition | ||
| 260 |
_aNew York _bRandom House _c1996 |
||
| 300 |
_ax, 500 p. _bill. |
||
| 365 | _b55 usd | ||
| 600 | 1 | 4 |
_aPicasso, Pablo, _d1881-1973. _0211453 |
| 650 | 0 |
_9447 _aArt |
|
| 653 | _aხელოვნება | ||
| 700 | 1 |
_aMcCully, Marilyn _4oth |
|
| 740 | 0 | _a1907-1917 | |
| 772 | 0 | 0 |
_7p1 _aRichardson, John _tlife of Picasso _cJohn Richardson ; with collaboration of Marilyn McCully _dNew York : Random House, 1991- _w9912646908 |
| 900 | 1 | s |
_6100 _d1924- _uRichardson, John, _d1924- |
| 900 | 1 | s |
_6600 _d1881-1973 _uPicasso, Pablo, _d1881-1973 |
| 900 | 1 | s |
_6600 _d1881-1973 _uPicasso, Pablo, _d1881-1973 |
| 942 |
_2udc _cBK _e1 |
||
| 999 |
_c1147 _d1147 |
||